00744nam a2200181 a 450000100100000000500170001000800410002704000250006808200150009310000270010824501230013526000400025830000280029850000740032670000320040095201130043299900170054500004434820201002045317.0140620s2007 bl ab 000 0 spa d aDO-SdBNPbspacBNPHU axxxxbxxxx1 aBrito, Márcia97235310aHábitos de doar e captar recursos no Brasil /cMárcia Valéria Marins de Brito, Maria Emília Aureliano de Melo. aSão Paulo :bPeirópolis,c2007. a183 p. :bil. ;c23 cm. aIncluye referencias bibliográficas y notas al pie de las páginas.12aMelo, Maria Emília972354 001050718MOaGRbGRcCTd2014-06-20iLF1l0oxxxx xxxxp44348-10r2020-06-25w2020-06-25y1ZNo se presta c43837d43837